Execução fiscal semijudicial no Brasil : (Record no. 126)

MARC details
000 -LÍDER
Campo Fixo de Controle 00866cam a2200241 a 4500
001 - NÚMERO DE CONTROLE
Campo de Controle 126
003 - IDENTIFICAÇÃO DO NÚMERO DE CONTROLE
Campo de Controle BR-CuiBMT
005 - DATA E HORA DA ÚLTIMA ATUALIZAÇÃO
Campo de Controle 20231031211958.0
008 - DADOS FIXOS
Dados Fixos 230818s2021 mgb 000 0 por d
020 ## - INTERNATIONAL STANDARD BOOK NUMBER
Nº do ISBN 9786555181784
040 ## - AGÊNCIA CATALOGADORA
Código da Agência Catalogadora BR-CuiBMT
Agência que transcreveu o registro BR-CuiBMT
080 ## - Nº DA CLASSIFICAÇÃO DECIMAL UNIVERSAL
Nº edição CDU 2007
Nº Class. CDU 347.952:336.22
Subd. Auxiliar Comum (81)
090 ## - NÚMERO DE CHAMADA
Nº classificação 347.952:336.22(81)
Cutter S587e
100 1# - ENTRADA PRINCIPAL -- AUTOR PESSOAL
Nome pessoal Silveira, Artur Barbosa da
245 10 - TÍTULO PRINCIPAL
Título principal Execução fiscal semijudicial no Brasil :
Subtítulo a quebra do paradigma da judicialização /
Indicação de responsabilidade Artur Barbosa da Silveira ; prefácio, Massami Uyeda.
260 ## - PUBLICAÇÃO, DISTRIBUIÇÃO, ETC.
Local de publicação Belo Horizonte :
Editora Fórum,
Data 2021.
300 ## - DESCRIÇÃO FÍSICA
N. páginas ou volumes 128 p. ;
Dimensões 22 cm
504 ## - NOTA DE BIBLIOGRAFIA, ETC.
Nota de bibliografia Inclui bibliografia.
650 ## - ASSUNTO TÓPICO
Cabeçalho tópico ou nome geográfico Execução fiscal
Subdivisão geral Administração tributária
Subdivisão geográfica Brasil
650 ## - ASSUNTO TÓPICO
Cabeçalho tópico ou nome geográfico Direito constitucional
Subdivisão geral Cobrança semijudicial
650 ## - ASSUNTO TÓPICO
Cabeçalho tópico ou nome geográfico Direito processual civil
Subdivisão geral Cobrança semijudicial
942 ## - ELEMENTOS DE ENTRADA ADICIONAIS (KOHA)
Fonte de classificação ou esquema de arquivamento Classificação Decimal Universal
Tipo de item do Koha Livros
Holdings
Estado: removido Estado: perdido Fonte de classificação ou esquema de arquivamento Estado: danificado Indisponível para empréstimo Localização permanente Localização atual Data de aquisição Total Checkouts Número de Chamada completo Código de barras Date last seen Número do exemplar Preço efetivo a partir de Tipo de item (Koha)
    Classificação Decimal Universal     Biblioteca da Escola Superior de Contas do TCE/MT Biblioteca da Escola Superior de Contas do TCE/MT 28/07/2023   347.952:336.22(81) S587e BIBTCEMT23080103 18/08/2023 Ex. 1 18/08/2023 Livros

Powered by Koha